Fr. Conceicao Rodrigues College of Engineering

Sensors in production Engineering (Record no. 33116)

MARC details
000 -LEADER
fixed length control field 00327nam a2200157Ia 4500
082 ## - DEWEY DECIMAL CLASSIFICATION NUMBER
Classification number 658.514/FES
Item number FES
100 ## - MAIN ENTRY--PERSONAL NAME
Personal name Festo
245 ## - TITLE STATEMENT
Title Sensors in production Engineering
260 ## - PUBLICATION, DISTRIBUTION, ETC.
Name of publisher, distributor, etc. Festo
Place of publication, distribution, etc. Bangalore
Date of publication, distribution, etc. 2001
300 ## - PHYSICAL DESCRIPTION
Extent 133
546 ## - LANGUAGE NOTE
Language note ENGLISH
650 ## - SUBJECT ADDED ENTRY--TOPICAL TERM
Topical term or geographic name entry element festo
654 ## - SUBJECT ADDED ENTRY--FACETED TOPICAL TERMS
Focus term sensors
942 ## - ADDED ENTRY ELEMENTS (KOHA)
Koha item type Reference Book
Holdings
Withdrawn status Lost status Damaged status Not for loan Collection Home library Current library Date acquired Source of acquisition Cost, normal purchase price Inventory number Total Checkouts Full call number Barcode Date last seen Cost, replacement price Price effective from Koha item type
        CRC Fr. Agnel's C.Rodrigues College of Engineering Fr. Agnel's C.Rodrigues College of Engineering 17/03/2023 FESTO 699.00 4310520555 dt 08/10/2008   658.514/FES FES 19015 17/03/2023 699.00   Reference Book